A survey of family literacy in the United States
Saved in:
| Main Authors: | , , |
|---|---|
| Format: | Bog |
| Sprog: | engelsk |
| Udgivet: |
Newark
International Reading Association
1995
|
| Fag: | |
| Tags: |
Tilføj Tag
Ingen Tags, Vær først til at tagge denne postø!
|
MARC
| LEADER | 00000nam a2200000 a 4500 | ||
|---|---|---|---|
| 001 | UCZ2922 | ||
| 003 | CL-VaPUC | ||
| 008 | 951013e19950000US |||||||||||||||||eng|d | ||
| 082 | 0 | 4 | |a 379.24 |b MOR |2 21 |
| 100 | |a Morrow, Lesley Mandel |e author |9 540370 | ||
| 700 | 0 | |a Tracey, Diane H |e author |9 346725 | |
| 700 | 0 | |a Maxwell, Caterina Marcone |e author |9 346726 | |
| 245 | 1 | 2 | |a A survey of family literacy in the United States |
| 300 | |a 130 p | ||
| 942 | |c BK | ||
| 945 | |d 19951013 00:00:00 |a awong | ||
| 260 | |a Newark |b International Reading Association |c 1995 | ||
| 650 | 0 | |a Lectura |9 307634 | |
| 650 | 0 | |a Alfabetización |9 310435 | |
| 650 | 0 | |a Programas de alfabetización |9 335611 | |
| 650 | 7 | |a PROMOCION DE LA ALFABETIZACION |2 CL-VaPUC |9 341031 | |
| 651 | 0 | |a Estados Unidos |9 255178 | |
| 583 | |a last modification |c 19951013 00:00:00 |k Rodrigo Vera | ||
| 999 | |c 239458 |d 239456 | ||
| 952 | |0 0 |1 0 |4 0 |6 379_240000000000000_MOR_1995 |7 0 |8 A |9 250600 |a FDOPOS |b FDOPOS |d 2019-11-18 |i 3138461 |o 379.24 MOR 1995 |p 3138461 |r 2025-01-22 |w 2019-11-18 |y BK |k MLA | ||